[Event "Agosto de Victorias op"]
[Site "Mayabeque"]
[Date "2018.08.05"]
[Round "4"]
[White "Castillo Rodriguez, Alvaro E"]
[Black "Hernandez Sosa, Oscar Luis"]
[Result "0-1"]
[WhiteElo "1817"]
[BlackElo "2055"]
[PlyCount "88"]
[EventDate "2018.08.04"]
[EventType "swiss"]
[EventRounds "9"]
[EventCountry "CUB"]
[SourceTitle "EXT 2021"]
[Source "ChessBase"]
[SourceDate "2020.10.23"]
[SourceVersion "1"]
[SourceVersionDate "2020.10.23"]
[SourceQuality "1"]

1. e4 c5 2. Nf3 Nc6 3. d4 cxd4 4. Nxd4 Nf6 5. Nc3 e5 6. Ndb5 d6 7. Bg5 a6 8. Na3 b5 9. Nd5 Be7 10. Bxf6 Bxf6 11. c3 0-0 12. Nc2 Bg5 13. a4 bxa4 14. Rxa4 Ne7 15. Ncb4 a5 16. Nxe7+ Qxe7 17. Nd5 Qb7 18. Qa1 Bd7 19. Rc4 Bc6 20. Rxc6 Qxc6 21. h4 Bd8 22. Qd1 Kh8 23. Bd3 f5 24. Qf3 f4 25. h5 Rb8 26. Qe2 Qb7 27. b4 axb4 28. cxb4 Bb6 29. 0-0 Bd4 30. Ba6 Qf7 31. Qg4 Qa7 32. b5 Rbd8 33. Qf3 Qc5 34. Qb3 Ra8 35. h6 gxh6 36. Qh3 Qc2 37. Qf3 Rg8 38. Re1 Rg3 39. Qe2 Qxe2 40. Rxe2 f3 41. Rc2 Rxg2+ 42. Kf1 Bc5 43. Ne7 Rh2 44. Ke1 Bb4+ 0-1

[Event "Descubriendo un Capablanca tt"]
[Site "Havana"]
[Date "2018.??.??"]
[Round "4.3"]
[White "Castillo Rodriguez, Alvaro E"]
[Black "Gonzalez Gomez, Ariel"]
[Result "1-0"]
[WhiteElo "1731"]
[BlackElo "1745"]
[PlyCount "37"]
[EventDate "2018.07.02"]
[EventType "team-tourn"]
[EventRounds "10"]
[EventCountry "CUB"]
[SourceTitle "EXT 2021"]
[Source "ChessBase"]
[SourceDate "2020.10.23"]
[SourceVersion "1"]
[SourceVersionDate "2020.10.23"]
[SourceQuality "1"]

1. d4 Nf6 2. Nf3 g6 3. c4 Bg7 4. Nc3 0-0 5. e4 d6 6. Be2 Nbd7 7. 0-0 e5 8. dxe5 Nxe5 9. Nxe5 dxe5 10. Bg5 c6 11. Qd3 Qxd3 12. Bxd3 Be6 13. Rfd1 h6 14. Be3 Rfd8 15. f3 Bf8 16. Rd2 Nd7 17. Rad1 Bc5 18. Bxc5 Nxc5 19. Bf1 1-0

[Event "Descubriendo un Capablanca tt"]
[Site "Havana"]
[Date "2018.??.??"]
[Round "3.1"]
[White "Castillo Rodriguez, Alvaro E"]
[Black "Lopez Betancourt, Bryan"]
[Result "0-1"]
[WhiteElo "1731"]
[BlackElo "1883"]
[PlyCount "116"]
[EventDate "2018.07.02"]
[EventType "team-tourn"]
[EventRounds "10"]
[EventCountry "CUB"]
[SourceTitle "EXT 2021"]
[Source "ChessBase"]
[SourceDate "2020.10.23"]
[SourceVersion "1"]
[SourceVersionDate "2020.10.23"]
[SourceQuality "1"]

1. e4 e6 2. d4 d5 3. e5 c5 4. c3 Nc6 5. Nf3 cxd4 6. cxd4 Qb6 7. a3 Nge7 8. Bd3 Bd7 9. Bc2 Nf5 10. Bxf5 exf5 11. Nc3 Be6 12. 0-0 Be7 13. b4 Rc8 14. Na4 Qc7 15. Bg5 0-0 16. Rc1 Bxg5 17. Nxg5 Qe7 18. f4 h6 19. Nxe6 fxe6 20. Rf3 b6 21. Rfc3 Qd7 22. Nb2 Ne7 23. Qd3 Rxc3 24. Rxc3 Rc8 25. a4 Rxc3 26. Qxc3 Qc6 27. Qd2 b5 28. a5 Ng6 29. g3 a6 30. Kg2 Ne7 31. h3 h5 32. Kf3 g6 33. Ke3 Kf7 34. Kd3 Ke8 35. Qc3 Kf7 36. Qxc6 Nxc6 37. Kc3 Ke7 38. Nd3 Kf7 39. Nc5 Nb8 40. Kd3 Ke7 41. Ke3 Kf7 42. Kf3 Nc6 43. Nxa6 Nxd4+ 44. Ke3 Nc6 45. Nc7 d4+ 46. Kd3 Nxb4+ 47. Kd2 Nc6 48. a6 Na7 49. Kd3 Ke7 50. Kxd4 Kd7 51. Na8 Kc6 52. Kc3 Nc8 53. Kb4 Ne7 54. a7 Nd5+ 55. Ka5 Kb7 56. Nb6 Nxb6 57. Kxb5 Nd5 58. Kc5 h4 0-1

[Event "Descubriendo un Capablanca tt"]
[Site "Havana"]
[Date "2018.??.??"]
[Round "1.2"]
[White "Castillo Rodriguez, Alvaro E"]
[Black "Reyes Oquendo, Samuel Moises"]
[Result "1/2-1/2"]
[WhiteElo "1731"]
[BlackElo "1674"]
[PlyCount "42"]
[EventDate "2018.07.02"]
[EventType "team-tourn"]
[EventRounds "10"]
[EventCountry "CUB"]
[SourceTitle "EXT 2021"]
[Source "ChessBase"]
[SourceDate "2020.10.23"]
[SourceVersion "1"]
[SourceVersionDate "2020.10.23"]
[SourceQuality "1"]

1. e4 e6 2. d4 d5 3. e5 c5 4. c3 Nc6 5. Nf3 Qb6 6. a3 a5 7. Bd3 Nh6 8. 0-0 cxd4 9. cxd4 Nf5 10. Bxf5 exf5 11. Nc3 Be6 12. Qa4 h6 13. b4 Be7 14. Rb1 0-0 15. b5 Na7 16. Qb3 Qd8 17. Bd2 b6 18. Rfc1 Qd7 19. Ne1 Rfc8 20. Nc2 Rab8 21. Ne3 Bg5 1/2-1/2

[Event "Camaguey 504 Anniv Escolar"]
[Site "Camaguey"]
[Date "2018.??.??"]
[Round "1.2"]
[White "Castillo Rodriguez, Alvaro E"]
[Black "Sotolongo Lezcano, Javier"]
[Result "1-0"]
[WhiteElo "1733"]
[BlackElo "1927"]
[PlyCount "111"]
[EventDate "2018.02.01"]
[EventType "team-tourn"]
[EventRounds "7"]
[EventCountry "CUB"]
[SourceTitle "EXT 2021"]
[Source "ChessBase"]
[SourceDate "2020.10.23"]
[SourceVersion "1"]
[SourceVersionDate "2020.10.23"]
[SourceQuality "1"]

1. e4 e5 2. Nf3 Nc6 3. d4 exd4 4. Nxd4 Bc5 5. Be3 Qf6 6. c3 Nge7 7. Qd2 0-0 8. Nb5 Bxe3 9. Qxe3 Qe5 10. Nd2 d5 11. exd5 Nxd5 12. Qxe5 Nxe5 13. c4 Nb4 14. Nxc7 Bg4 15. f3 Rac8 16. Nd5 Nc2+ 17. Kf2 Nxa1 18. fxg4 Rcd8 19. Be2 Nc2 20. Nb3 Nc6 21. Rd1 N2b4 22. a3 Na6 23. Nd4 Nxd4 24. Rxd4 Nc7 25. Bf3 Nxd5 26. Bxd5 g6 27. Rf4 Kg7 28. Ke3 f5 29. b4 b5 30. gxf5 bxc4 31. Bxc4 Rxf5 32. Re4 Kf6 33. Re6+ Kg5 34. g3 Rc8 35. Re4 Rff8 36. h4+ Kf6 37. Kd3 Rfd8+ 38. Kc3 Rd1 39. g4 Rh1 40. Re6+ Kg7 41. Re7+ Kh8 42. Re4 Rxh4 43. Kd4 h5 44. Be6 Re8 45. a4 hxg4 46. Rxg4 Rxg4+ 47. Bxg4 Kg7 48. b5 Kf6 49. a5 Rb8 50. Kc5 Ke7 51. Kc6 Kd8 52. b6 axb6 53. axb6 Ra8 54. b7 Rb8 55. Be6 Ke7 56. Bc8 1-0

[Event "Camaguey 504 Anniv Escolar"]
[Site "Camaguey"]
[Date "2018.??.??"]
[Round "2.3"]
[White "Cruz Mendez, Jean Marcos"]
[Black "Castillo Rodriguez, Alvaro E"]
[Result "1-0"]
[WhiteElo "1816"]
[BlackElo "1733"]
[PlyCount "97"]
[EventDate "2018.02.01"]
[EventType "team-tourn"]
[EventRounds "7"]
[EventCountry "CUB"]
[SourceTitle "EXT 2021"]
[Source "ChessBase"]
[SourceDate "2020.10.23"]
[SourceVersion "1"]
[SourceVersionDate "2020.10.23"]
[SourceQuality "1"]

1. d4 d5 2. Nf3 Nf6 3. c3 e6 4. Bg5 Be7 5. Nbd2 Nbd7 6. e3 b6 7. Bd3 Bb7 8. Ne5 Nxe5 9. dxe5 Ne4 10. Bxe7 Qxe7 11. Nxe4 dxe4 12. Bxe4 Bxe4 13. Qa4+ Qd7 14. Qxe4 0-0 15. Qc2 Qd5 16. f4 Rfd8 17. 0-0 Qd2 18. Qxd2 Rxd2 19. Rf2 Rad8 20. Re1 Kf8 21. Kf1 R2d3 22. Rfe2 Ke7 23. e4 h5 24. Re3 Rd2 25. R1e2 Rd1+ 26. Kf2 c5 27. Rh3 g6 28. Rhe3 c4 29. Re1 R1d2+ 30. R3e2 R2d3 31. Rc2 b5 32. Re3 Rd2+ 33. Rxd2 Rxd2+ 34. Re2 Rd3 35. Rc2 f6 36. Ke2 fxe5 37. fxe5 a5 38. Rd2 Rxd2+ 39. Kxd2 Kd7 40. Ke3 Kc6 41. Kf4 b4 42. Kg5 bxc3 43. bxc3 Kb5 44. Kf6 Ka4 45. Kxe6 Ka3 46. Kd5 Kxa2 47. e6 Kb3 48. e7 a4 49. e8Q 1-0

[Event "Descubriendo un Capablanca tt"]
[Site "Havana"]
[Date "2018.??.??"]
[Round "5.2"]
[White "Garcia Carnesoltas, Wendysleidys"]
[Black "Castillo Rodriguez, Alvaro E"]
[Result "0-1"]
[WhiteElo "1583"]
[BlackElo "1731"]
[PlyCount "55"]
[EventDate "2018.07.02"]
[EventType "team-tourn"]
[EventRounds "10"]
[EventCountry "CUB"]
[SourceTitle "EXT 2021"]
[Source "ChessBase"]
[SourceDate "2020.10.23"]
[SourceVersion "1"]
[SourceVersionDate "2020.10.23"]
[SourceQuality "1"]

1. e4 c5 2. Nf3 e6 3. d4 cxd4 4. Nxd4 Nc6 5. Nc3 a6 6. a3 Qc7 7. Be2 b5 8. 0-0 Bb7 9. b4 Be7 10. Nf3 Bf6 11. Bb2 Ne5 12. Qd2 Nxf3+ 13. Bxf3 Rc8 14. Nd1 Bxb2 15. Nxb2 Qxc2 16. Qxc2 Rxc2 17. Nd3 d6 18. Rac1 Rxc1 19. Rxc1 Kd7 20. Rd1 Kc7 21. Kf1 Nf6 22. e5 Bxf3 23. exd6+ Kxd6 24. gxf3 Nd5 25. Nc5 Ra8 26. Ne4+ Ke7 27. Rc1 Ra7 28. Kg2 0-1

[Event "Descubriendo un Capablanca tt"]
[Site "Havana"]
[Date "2018.??.??"]
[Round "9.3"]
[White "Gonzalez Gomez, Ariel"]
[Black "Castillo Rodriguez, Alvaro E"]
[Result "1/2-1/2"]
[WhiteElo "1745"]
[BlackElo "1731"]
[PlyCount "35"]
[EventDate "2018.07.02"]
[EventType "team-tourn"]
[EventRounds "10"]
[EventCountry "CUB"]
[SourceTitle "EXT 2021"]
[Source "ChessBase"]
[SourceDate "2020.10.23"]
[SourceVersion "1"]
[SourceVersionDate "2020.10.23"]
[SourceQuality "1"]

1. c4 Nf6 2. d4 e6 3. Nf3 b6 4. g3 Ba6 5. b3 Bb4+ 6. Bd2 Be7 7. Bg2 c6 8. Bc3 Ne4 9. 0-0 Nxc3 10. Nxc3 d5 11. Ne5 0-0 12. Re1 Bb7 13. e4 dxc4 14. bxc4 Qd6 15. Nf3 Nd7 16. e5 Qb4 17. Qd3 Rad8 18. a3 1/2-1/2

[Event "Descubriendo un Capablanca tt"]
[Site "Havana"]
[Date "2018.??.??"]
[Round "6.2"]
[White "Reyes Oquendo, Samuel Moises"]
[Black "Castillo Rodriguez, Alvaro E"]
[Result "0-1"]
[WhiteElo "1674"]
[BlackElo "1731"]
[PlyCount "51"]
[EventDate "2018.07.02"]
[EventType "team-tourn"]
[EventRounds "10"]
[EventCountry "CUB"]
[SourceTitle "EXT 2021"]
[Source "ChessBase"]
[SourceDate "2020.10.23"]
[SourceVersion "1"]
[SourceVersionDate "2020.10.23"]
[SourceQuality "1"]

1. e4 c5 2. Nc3 Nc6 3. Bb5 a6 4. Bxc6 bxc6 5. d3 g6 6. Nge2 Bg7 7. Be3 d6 8. Rb1 Nf6 9. h3 Rb8 10. b3 0-0 11. 0-0 Bd7 12. Na4 Ne8 13. f4 Qc8 14. Rf3 Nc7 15. c4 Ne6 16. Qc2 Nd4 17. Bxd4 cxd4 18. c5 Rb5 19. Nb6 Qb7 20. Nxd7 Qxd7 21. cxd6 exd6 22. Rbf1 Rc5 23. Qd2 f5 24. Ng3 fxe4 25. Nxe4 Rd5 26. Qb4 0-1